| 000 | 00953nam a22002657a 4500 | ||
|---|---|---|---|
| 003 | OSt | ||
| 005 | 20250915200022.0 | ||
| 008 | 250915b |||||||| |||| 00| 0 eng d | ||
| 020 | _a9586961001 | ||
| 040 |
_aCO-UdeC _bspa _cCO-UdeC |
||
| 041 | 0 | _aspa | |
| 082 |
_a512 _bP438a |
||
| 100 | 1 | _aPérez S., Eduardo | |
| 245 | 1 | 0 |
_aÁlgebra y programación lineal : _bpara administradores y afines aplicaciones en excel / _cEduardo Pérez S. , Fabio Ceballos C. |
| 260 |
_aMedellín : _bEditorial Universidad Pontificia Bolivariana , _c2000 |
||
| 300 |
_a303 p. : _bil. ; _c27.5 cm |
||
| 650 | 1 | 4 | _aÁlgebra líneal |
| 650 | 2 | 4 | _aProgramación líneal |
| 650 | 2 | 4 | _aInvestigación de operaciones |
| 650 | 2 | 4 |
_aAdministración de empresas _xMódelos matemáticos |
| 650 | 2 | 4 |
_aMicrosoft Excel _xAplicaciones en la enseñanza |
| 650 | 2 | 4 |
_aToma de decisiones _xMódelos matemáticos |
| 700 | 1 | _aCeballos C., Fabio | |
| 942 |
_2ddc _cBK _h512 _iP438a _n0 |
||
| 999 |
_c2088 _d2088 |
||